000 02028cam a22005294i 4500
003 PE-LiUPU
005 20250731165615.0
008 150706s r 000 0 d
020 _a9786074382310
035 _a(Sirsi) i9786074382310
035 _a(Sirsi) i9786074382310
040 _aPE-LiUPU
_bspa
_cPE-LiUPU
_erda
049 _aPRUA
082 0 4 _a657.03
_bB61
_221
100 1 _aBlanes Prieto, Joaquín,
_eautor.
245 1 0 _aNuevo diccionario de términos contables :
_binglés-español, español-inglés /
_cJoaquón Blanes Prieto.
250 _a5a ed.
264 1 _aMéxico :
_bGrupo Editorial Patria,
_c2010.
300 _a432 páginas ;
_c23 cm.
336 _atext
_2rdacontent
337 _aunmediated
_2rdamedia
338 _avolume
_2rdacarrier
505 0 _aForward to the fifth edition -- Guía del usuario / User's Guide -- Abbreviations-Abreviaturas -- A-Z English-Spanish/Inglés-Español -- Appendixes -- Abreviaturas-Abbreviations -- A-Z Español-Inglés/Spanish-English.
526 _aSEG44
526 _aSEG26
526 _aP151
526 _aP150
526 _aP149
526 _aP146
526 _aP145
526 _aP126
526 _aP125
526 _aP92
526 _aP75
526 _aP74
526 _aP27
526 _aP15
541 _g001-0036504;
650 0 4 _aContabilidad
_vDiccionarios.
650 0 4 _aContabilidad Terminología.
910 _agl
_clch
_d20130117
942 _2ddc
_cBOOK
949 _aRC 657.03 B61
_wDEWEY
_c1
_i66132
_lRC
_mBUL
_p22.00
_r0
_sY
_tBOOK
_u2015-7-6
_xFCE
_PP08
_0COMPRA
_o.CIRCNOTE. No olvidar cambiar la fecha de devolución!!!!!!!
_o.STAFF. Colección General
994 _aC0
_bPEPRU
596 _a1
999 _aRC 657.03 B61
_wDEWEY
_c54451
_i66132
_f2021-11-8
_g6
_lRCG
_mBUL
_p22.00
_r1
_sY
_tBOOK
_u2015-7-6
_xBIBLIOTECA
_PP08
_0COMPRA
_o.CIRCNOTE. No olvidar cambiar la fecha de devolución!!!!!!!
_o.STAFF. Colección General
_d54451
980 _81
_gALBERTO SANCHEZ Responsable de Automatización